logo

Bir Sreshtho Munshi Abdur Rouf Library
Jhenaidah Cadet College

চিরস্থায়ী বন্দোবস্ত ও বাঙালি সমাজ / (Record no. 6957)

MARC details
000 -LEADER
fixed length control field 00788nam a2200229 a 4500
001 - CONTROL NUMBER
JCCL Control Number 6957
003 - CONTROL NUMBER IDENTIFIER
JCCL marc code BD-JhCC
005 - DATE AND TIME OF LATEST TRANSACTION
control field 20180203095750.0
008 - FIXED-LENGTH DATA ELEMENTS--GENERAL INFORMATION
fixed length control field 180203s2009 bg |||| ||a| 000 0 ben d
035 ## - SYSTEM CONTROL NUMBER
system control number (BD-JhCC)6957
040 ## - CATALOGING SOURCE
Original cataloging agency BD-JhCC
Modifying agency BD-JhCC
041 ## - LANGUAGE CODE
Language code of Book ben
082 ## - DEWEY DECIMAL CLASSIFICATION NUMBER
Classification number 954.03
Author mark and Year BAN 2009
245 ## - TITLE STATEMENT
Title চিরস্থায়ী বন্দোবস্ত ও বাঙালি সমাজ /
Statement of responsibility, etc মুনতাসীর মামুন (সম্পাদিত)
260 ## - PUBLICATION, DISTRIBUTION, ETC. (IMPRINT)
Place of publication, distribution, etc ঢাকা :
Name of publisher, distributor, etc মাওলা ব্রাদার্স,
Date of publication, distribution, etc 2009
300 ## - PHYSICAL DESCRIPTION
Pagination 221 p. :
Dimensions 22 cm.
650 ## - SUBJECT ADDED ENTRY--TOPICAL TERM
Topical term or geographic name as entry element Politics and Government
650 ## - SUBJECT ADDED ENTRY--TOPICAL TERM
Topical term or geographic name as entry element India-Bengal
700 ## - ADDED ENTRY--PERSONAL NAME
Personal name মামুন, মুনতাসীর (সম্পাদিত)
942 ## - ADDED ENTRY ELEMENTS (KOHA)
Source of classification or shelving scheme Dewey Decimal Classification
Koha item type Books
Holdings
Source of classification or shelving scheme Damaged status Not for loan Home library Current library Shelving location Date of accession Cost, normal purchase price Total Checkouts Full call number Barcode Date last seen Copy number Koha item type
Dewey Decimal Classification     JCC Rouf Library JCC Rouf Library General Stacks 02/03/2018 200.00   954.03 BAN 2009 9573 02/03/2018 C-1 Books

JCC Library | Contacts | JCC Home

Last Update on 23 September 2017
Copyright @ 2017-2020 JCC Rouf Library
Rouf Library, Jhenidah Cadet College (JCC), Bangladesh